Правда ли это? 2 - Statistics

General Stats
  • This quiz has been taken 23 times
  • The average score is 8 of 15
Answer Stats
Question Answer % Correct
Профессия клоуна считается в актёрском ремесле одной из сложнейших Да
83%
Автомобили могут ездить на обычной нефильтрованной нефти Нет
78%
Постоянный ток менее опасен для человека, чем переменный Да, в некоторых случаях
70%
Иммануил Кант на заре научной карьеры написал трактат по философии математики Да
65%
На самом деле, шпинат вреден для здоровья, так как откладывается в печени Нет
65%
В реальности Сальери не убивал Моцарта Да, не убивал
61%
Инцидент Макса Хэдрума - это реальный взлом ночного телеэфира Да
57%
Слово "робот" придумал американский писатель-фантаст Айзек Азимов Нет
52%
По молодости Оскар Уайльд был кузнецом Нет
52%
Если смешать бензин и апельсиновый сок, получится напалм Нет
52%
В природе не существует верблюдов с тремя горбами Да, не существует
48%
Космонавт Алексей Леонов утверждал, что видел инопланетян в открытом космосе Да
35%
В 2015-м году на бразильском государственном телевидении официально сообщали о начавшемся зомби-апокалипсисе Нет
30%
Одна капля никотина способна умертвить взрослую лошадь Нет
22%
Альберт Эйнштейн крайне посредственно учился в школе Нет
17%
No matching quizzes found
Score Distribution
Percent of People with Each Score
Percentile by Number Answered
Your Score History
You have not taken this quiz